000 01253nam a2200229 u 4500
001 000573851
003 AM-YeHGA
005 20250617140922.0
008 080327s1987 ||| r 000 0 rus d
040 _aAM-YeHGA
041 0 _arus
245 0 0 _aВлияние ГЭС на окружающую среду в условиях крайнего Севера :
_bСборник научных трудов /
_cАН СССР, Сиб. отд-ние, Якут. фил., Ин-т физ.-техн. пробл. Севера; Редкол.: В.Ф. Возин (отв. ред) и др.
260 _aЯкутск :
_bЯФ СО АН СССР,
_c1987.
300 _a103 с. :
_bил.
504 _aБиблиогр. в конце ст.
653 0 _aГидроэлектрические станции - Влияние на окружающую среду - Север СССР
653 0 _aКрайний Север СССР
700 1 _aВозин, Валентин Федорович
_eред.
_4edt
710 2 _aАкадемия наук СССР
_bСибирское отделение
_bЯкутский филиал
710 2 _aИнститут физико-технических проблем Севера СО АН СССР
090 _c230634
999 _c229085
_d229085